000 00743nam a2200217Ia 4500
003 GCL
008 140319s9999 xx 000 0 ara d
040 _aGCL /
_cGCL
082 0 4 _aق
_b330.962
_bح ا
100 1 _aحزب التجمع الوطنى التقدمى الوح
245 1 0 _aازمة مصر الاقتصادية الراهنة والطريق نحو الخروج منها /
_cحزب التجمع الوطنى التقدمى الوح
300 _a132 ص
490 _a
650 0 4 _aمصر
650 0 4 _aالاستثمار
650 0 4 _aالاحوال الاقتصادية
650 0 4 _aالتنمية الاقتصادية
650 0 4 _aالدخل القومى
650 0 4 _aالمواد البشرية
942 _2ddc
_cBK
999 _c38750
_d38750